[Event "AUTO-INT-2400"]
[Site "http://www.queenalice.com/game.php?id=1090416"]
[Date "2012.8.5"]
[Round "1"]
[White "norbertokruger"]
[Black "EricOlejaz"]
[Result "1-0"]
[WhiteElo "1745"]
[BlackElo "1314"]

1. e4 e5 2. Nf3 d6 3. d4 Nc6 4. d5 Nce7 5. Bc4 b6 6. c3 Qd7 7. Na3 a6 8. b4 Bb7
9. Ng5 b5 10. Qf3 Nf6 11. Be2 Qg4 12. Qxg4 Nxg4 13. Bxg4 h6 14. Nf3 Ng6 15. O-O
Be7 16. g3 Bc8 17. Bxc8 Rxc8 18. Nc2 Ra8 19. a4 Kd7 20. a5 Rac8 21. Nd2 c5 22.
bxc5 Rxc5 23. Ra3 Bg5 24. Nb4 Ra8 25. Nd3 Rc7 26. h4 Bf6 27. Nf3 Rac8 28. Bd2
Ne7 29. Nb4 Ra8 30. g4 g5 31. hxg5 hxg5 32. Bxg5 Bxg5 33. Nxg5 f6 34. Ne6 Rcc8
35. f4 Rg8 36. g5 exf4 37. Rxf4 fxg5 38. Rf7 Ke8 39. Rh7 Rc8 40. Nxa6 Kd7 41.
Nb4 g4 42. Nc6 Rce8 43. a6 Rh8 44. a7 Rxh7 45. Nb8+ Kc8 46. a8=Q Ng6 47. Na6+
Kd7 48. Qb7# 1-0

[Event "AUTO-INT-2400"]
[Site "http://www.queenalice.com/game.php?id=1090417"]
[Date "2012.8.5"]
[Round "1"]
[White "EricOlejaz"]
[Black "Duduca10"]
[Result "0-1"]
[WhiteElo "1361"]
[BlackElo "1802"]

1. d4 e6 2. e4 d6 3. c4 b6 4. Nc3 Ne7 5. Nge2 Bb7 6. Nf4 Nd7 7. g3 a6 8. Bg2 Rb8
9. O-O c5 10. a4 cxd4 11. Qxd4 Nc6 12. Qe3 Be7 13. b3 Nf6 14. Bb2 e5 15. Nfd5
O-O 16. Nxe7+ Nxe7 17. Nd5 Nexd5 18. cxd5 Bc8 19. f3 Bd7 20. Ba3 Bc8 21. Rac1
Bb7 22. Bh3 Bc8 23. Kg2 Bxh3+ 24. Kxh3 b5 25. Qd2 bxa4 26. bxa4 Rb3 27. Rc3 Qa5
28. Rfc1 Rxa3 29. Rc8 Qxd2 30. g4 Rxf3+ 31. Kh4 Qh6# 0-1

[Event "AUTO-INT-2400"]
[Site "http://www.queenalice.com/game.php?id=1090418"]
[Date "2012.8.5"]
[Round "1"]
[White "Duduca10"]
[Black "EricOlejaz"]
[Result "0-1"]
[WhiteElo "1868"]
[BlackElo "1388"]

1. e4 e5 2. Nf3 Nc6 3. Bc4 Nf6 4. d3 d5 5. exd5 Nxd5 6. O-O Be7 7. Re1 Bf6 8.
Nxe5 Bxe5 9. f4 O-O 10. fxe5 Be6 11. d4 Nce7 12. a3 c6 13. Bg5 Qd7 14. Ba2 h6
15. Bxe7 Qxe7 16. Qd2 Nc7 17. Bxe6 Qxe6 18. Nc3 Rad8 19. Ne4 Nb5 20. c3 c5 21.
Nxc5 Qc6 22. Rf1 Qxc5 23. Qf4 Qc4 24. Qf3 Rd7 25. a4 Nxd4 26. Qf2 Nb3 27. Ra3
Rd2 28. Qxa7 Rxb2 29. Qe3 Qc5 30. Qxc5 Nxc5 31. a5 Nd3 32. c4 Nxe5 33. Rc1 Nc6
34. c5 Ra8 35. Rca1 Rc2 36. a6 Rxa6 37. Rxa6 bxa6 38. Rxa6 Rxc5 39. h3 h5 40.
Ra8+ Kh7 41. Rc8 Rc2 42. Kh2 Nd4 43. Rd8 Ne6 44. Rd7 f5 45. Rd6 Re2 46. Kg3 g5
47. Kf3 Re4 48. Rd5 Nd4+ 49. Kf2 Kg6 50. g3 g4 51. h4 Kf6 52. Rd8 Ne6 53. Rd6
Ke5 54. Ra6 f4 55. Ra5+ Kd4 56. Rxh5 f3 57. Ra5 Re2+ 58. Kf1 Ke3 59. Ra3+ Ke4
60. h5 Rg2 61. Ra4+ Kf5 62. Ra5+ Ke4 63. Ra4+ Kf5 64. Ra5+ Ke4 65. Ra4+ Nd4 66.
h6 Rxg3 67. h7 Rh3 68. Ra7 g3 69. Re7+ Kf4 70. Rf7+ Nf5 71. Ra7 Rh2 72. Ra4+ Ke3
73. Ra3+ Ke4 74. Ra4+ Nd4 75. Ra7 Rh1# 0-1

[Event "AUTO-INT-2400"]
[Site "http://www.queenalice.com/game.php?id=1090419"]
[Date "2012.8.5"]
[Round "1"]
[White "EricOlejaz"]
[Black "paulouk"]
[Result "0-1"]
[WhiteElo "1361"]
[BlackElo "1533"]

1. d3 d5 2. e3 e5 3. Nf3 Nc6 4. d4 e4 5. Nfd2 Nf6 6. h3 Be7 7. c4 dxc4 8. Bxc4
O-O 9. O-O Na5 10. b3 Bb4 11. Ba3 Bxa3 12. Nxa3 a6 13. f3 Nh5 14. g4 Ng3 15. Rf2
Qh4 16. Kg2 b5 17. Nxe4 Nxe4 18. fxe4 bxc4 19. Nxc4 Nxc4 20. bxc4 h5 21. Rb1
hxg4 22. hxg4 Bxg4 23. Rf4 Qh3+ 24. Kf2 Bxd1 25. Rxd1 Qh2+ 26. Kf3 Qh5+ 27. Rg4
f5 0-1

[Event "AUTO-INT-2400"]
[Site "http://www.queenalice.com/game.php?id=1090420"]
[Date "2012.8.5"]
[Round "1"]
[White "paulouk"]
[Black "EricOlejaz"]
[Result "0-1"]
[WhiteElo "1531"]
[BlackElo "1355"]

1. d4 d5 2. e3 Nf6 3. h3 Bf5 4. Ne2 e6 5. a3 Bd6 6. Nf4 O-O 7. c4 c6 8. Be2 c5
9. cxd5 cxd4 10. dxe6 fxe6 11. exd4 Nc6 12. Bc4 Qd7 13. O-O Bxf4 14. d5 Bxc1 15.
Qxc1 exd5 16. Ba2 Rae8 17. Nc3 Re5 18. f4 Re7 19. Nxd5 Nxd5 20. Qc4 Be6 21. Qc1
Nd4 22. Qd2 Nxf4 23. Bxe6+ Rxe6 24. Qa5 Qb5 25. Qxb5 Nxb5 26. a4 Nd4 27. Ra3
Nfe2+ 28. Kh2 Rxf1 29. Rd3 Ref6 30. Rxd4 Nxd4 31. Kg3 R6f4 0-1

[Event "AUTO-BEG-552"]
[Site "http://www.queenalice.com/game.php?id=1092439"]
[Date "2012.8.12"]
[Round "1"]
[White "EricOlejaz"]
[Black "ralozaga"]
[Result "1-0"]
[WhiteElo "1481"]
[BlackElo "1222"]

1. e4 e5 2. Nf3 Nc6 3. d4 Nf6 4. d5 Nd4 5. Nxd4 exd4 6. Qxd4 c5 7. Qc3 Nxe4 8.
Qe3 Qh4 9. g3 Qg4 10. f3 Qg5 11. Qxe4+ 1-0

[Event "AUTO-BEG-552"]
[Site "http://www.queenalice.com/game.php?id=1092440"]
[Date "2012.8.12"]
[Round "1"]
[White "ralozaga"]
[Black "EricOlejaz"]
[Result "0-1"]
[WhiteElo "1228"]
[BlackElo "1475"]

1. e4 e5 2. Nf3 d6 3. Bb5+ Bd7 4. Qe2 a6 5. Ba4 Bxa4 6. Nc3 Bc6 7. d4 Nd7 8. Bg5
f6 9. Bh4 g5 10. d5 Ne7 11. dxc6 bxc6 0-1

[Event "AUTO-BEG-552"]
[Site "http://www.queenalice.com/game.php?id=1092443"]
[Date "2012.8.12"]
[Round "1"]
[White "EricOlejaz"]
[Black "dlabedz"]
[Result "1-0"]
[WhiteElo "1312"]
[BlackElo "1325"]

1. e4 d5 2. g3 g6 3. Bg2 b6 4. d4 c6 5. Ne2 Be6 6. Nd2 f5 7. e5 Na6 8. a3 Qc7 9.
O-O g5 10. f3 g4 11. fxg4 fxg4 12. b3 h5 13. Nf4 Bf5 14. Nxd5 Qd7 15. Ne3 Be6
16. Ne4 Bh6 17. c4 Bg7 18. d5 cxd5 19. cxd5 Bxe5 20. dxe6 Qxe6 21. Ng5 Qc6 22.
Bxc6# 1-0

[Event "AUTO-BEG-552"]
[Site "http://www.queenalice.com/game.php?id=1092444"]
[Date "2012.8.12"]
[Round "1"]
[White "dlabedz"]
[Black "EricOlejaz"]
[Result "0-1"]
[WhiteElo "1305"]
[BlackElo "1378"]

1. d4 d5 2. g3 Nf6 3. Nc3 e6 4. f3 Be7 5. Nh3 h6 6. a3 O-O 7. Be3 Nbd7 8. Qd2 c5
9. dxc5 Nxc5 10. b4 Na6 11. Bd4 Nd7 12. Bg2 e5 13. Bf2 Nf6 14. f4 e4 15. Rd1 Be6
16. e3 Ng4 17. Nxd5 Nxf2 18. Nxf2 f5 19. g4 Nc7 20. Bh3 Bh4 21. gxf5 Bxf5 22. c4
Bxh3 23. Ke2 Bxf2 24. Kxf2 Be6 25. h4 Rf5 26. Qc2 Bxd5 27. cxd5 Rxd5 28. Qc4 Kh8
29. Rc1 Rc8 30. Qxe4 Rd2+ 31. Kg3 Nd5 32. Rcd1 Nc3 33. Qe5 Nxd1 34. h5 Qd5 35.
Qxd5 Rxd5 36. e4 Rc3+ 0-1

[Event "Challenge"]
[Site "http://www.queenalice.com/game.php?id=1132257"]
[Date "2012.12.18"]
[Round "-"]
[White "rodrigochess"]
[Black "EricOlejaz"]
[Result "0-1"]
[WhiteElo "1416"]
[BlackElo "1535"]

1. e4 e5 2. Nf3 d6 3. Nc3 Nf6 4. d3 c5 5. Be2 g6 6. O-O Bg7 7. h3 O-O 8. Bd2 Nc6
9. Qc1 Be6 10. Bh6 d5 11. exd5 Bxd5 12. a3 e4 13. dxe4 Nxe4 14. Bxg7 Kxg7 15.
Nxe4 Bxe4 16. Ng5 Qe7 17. Nxe4 Qxe4 18. Bd3 Qd5 19. b3 Nd4 20. c3 Nxb3 21. Qb2
Nxa1 22. Rxa1 Qxd3 23. Qxb7 Qxc3 24. a4 Qxa1+ 25. Kh2 Qe5+ 26. Kh1 Rfb8 27. Qf3
Rb1+ 28. Qd1 Rxd1# 0-1